000 00397nam a2200169Ia 4500
003 0STCL
008 150530s9999 xx 000 0 und d
040 _aSTCL
_cSTCL
100 _aAnand Swroop Patak
245 _aBraj Sahithya Aur Sanskriti
260 _bSiksha Grandhakar : Madhura
_c1975
300 _a0
546 _aHindi
942 _2ddc
_cBK
999 _c65399
_d65399
005 20220125171304.0